00672nam a2200217Ia 4500003000900000005001700009008004100026040003300067041000800100080001300108100001700121245006300138260004700201300002600248500003700274650001200311650001000323942000700333952009700340999001700437LK-CoDNM20240802105143.0010623t1938 xxu||||| |||| 00| 1 eng d aLK-CoDNMdLK-CoDNMeLK-CoDNM aeng a8 bQQ31 aPoleman,H.I. aA Census Indic Manuscripts in the United States and Canada bAmerican Oriental SocietyaNew Havenc1938 bxxix, 542p. ; 25 cm aAmerican Oriental Series,Vol.XII aRg Veda aSutra cBK 001041708OBCaMAINbMAINcREFd2024-08-02l0o8 QQ31pOB4221r2024-08-02w2024-08-02yBK c98793d98793